[Event "Berlin Teschner Memorial"]
[Site "Berlin"]
[Date "2025.06.01"]
[Round "7"]
[White "Baldauf, Marco"]
[Black "Matthes, Aaron"]
[Result "1-0"]
[WhiteElo "2441"]
[BlackElo "2221"]
[PlyCount "87"]
[EventDate "2025.05.29"]
[EventType "swiss"]
[EventRounds "7"]
[EventCountry "GER"]
[SourceTitle "CB23_2025"]
[SourceDate "2025.06.04"]
[SourceVersion "1"]
[SourceVersionDate "2025.06.04"]
[SourceQuality "1"]

1. d4 Nf6 2. c4 e6 3. Nc3 Bb4 4. e3 0-0 5. Bd3 d5 6. cxd5 exd5 7. a3 Bd6 8. Qc2 Re8 9. Nb5 c6 10. Nxd6 Qxd6 11. Ne2 b6 12. 0-0 Ba6 13. Bd2 Bxd3 14. Qxd3 Nbd7 15. Rac1 Ne4 16. Rfd1 Ndf6 17. h3 Rac8 18. Be1 Qd7 19. Qb3 Nd6 20. Rc2 Nc4 21. Qd3 Ne4 22. a4 f5 23. b3 Ncd6 24. Rdc1 g5 25. f3 Nf6 26. Bg3 Nf7 27. b4 Qe6 28. Kf2 Nd7 29. Rc3 Nd8 30. Qd2 h6 31. R1c2 Nb7 32. Qc1 c5 33. bxc5 Na5 34. cxb6 Rxc3 35. Nxc3 Nb3 36. Qd1 Qxe3+ 37. Kf1 Nxd4 38. bxa7 Nb6 39. Rd2 Qxc3 40. Rxd4 Qc6 41. Bf2 Nc8 42. Rxd5 Nxa7 43. Rxf5 Nc8 44. Qd5+ 1-0

[Event "Berlin Teschner Memorial"]
[Site "Berlin"]
[Date "2025.05.30"]
[Round "4"]
[White "Piz, Maxim"]
[Black "Baldauf, Marco"]
[Result "1-0"]
[WhiteElo "2149"]
[BlackElo "2441"]
[PlyCount "65"]
[EventDate "2025.05.29"]
[EventType "swiss"]
[EventRounds "7"]
[EventCountry "GER"]
[SourceTitle "CB23_2025"]
[SourceDate "2025.06.04"]
[SourceVersion "1"]
[SourceVersionDate "2025.06.04"]
[SourceQuality "1"]

1. e4 c6 2. d4 d5 3. e5 Bf5 4. Ne2 e6 5. Ng3 Bg6 6. Bd3 c5 7. c3 Nc6 8. 0-0 Qb6 9. dxc5 Bxc5 10. b4 Be7 11. Be3 Qc7 12. f4 Bxd3 13. Qxd3 f6 14. b5 Na5 15. f5 fxe5 16. fxe6 Nf6 17. Nf5 0-0-0 18. Bxa7 Nc4 19. Nxe7+ Qxe7 20. Nd2 Qxe6 21. Nxc4 dxc4 22. Qe3 Rd5 23. a4 Re8 24. Rad1 Qd6 25. Rxd5 Qxd5 26. Qg5 Re7 27. Be3 Qd3 28. a5 h6 29. Qg3 Rf7 30. Qf3 e4 31. Qf5+ Rd7 32. Qc5+ Rc7 33. Qf8+ 1-0

[Event "Munich op-A 2nd"]
[Site "Munich"]
[Date "2024.06.01"]
[Round "8"]
[White "Bromberger, Stefan"]
[Black "Baldauf, Marco"]
[Result "0-1"]
[WhiteElo "2485"]
[BlackElo "2475"]
[PlyCount "64"]
[EventDate "2024.05.26"]
[EventType "swiss"]
[EventRounds "9"]
[EventCountry "GER"]
[SourceTitle "CBM 220 Extra"]
[Source "ChessBase"]
[SourceDate "2024.07.31"]
[SourceVersion "1"]
[SourceVersionDate "2024.07.31"]
[SourceQuality "1"]

1. e4 c6 2. d4 d5 3. exd5 cxd5 4. Bd3 Nc6 5. c3 Nf6 6. Bf4 Bg4 7. Qb3 Qd7 8. Nd2 e6 9. Ngf3 Bd6 10. Bxd6 Qxd6 11. 0-0 0-0 12. Rfe1 Bxf3 13. Nxf3 Qc7 14. a4 Rab8 15. h3 a6 16. Ne5 Nxe5 17. Rxe5 Qd6 18. a5 Rfe8 19. Rae1 Re7 20. Qc2 g6 21. R5e3 Rbe8 22. Qb3 Kg7 23. Bf1 Rb8 24. Qa2 b5 25. axb6 Rxb6 26. Bd3 a5 27. R3e2 Reb7 28. Rd2 Qb8 29. Ree2 a4 30. g3 Rb3 31. Qxa4 Ra7 32. Qc6 Ra5 0-1

[Event "Munich op-A 2nd"]
[Site "Munich"]
[Date "2024.05.28"]
[Round "3"]
[White "Baldauf, Marco"]
[Black "Weller, Uli"]
[Result "1/2-1/2"]
[WhiteElo "2475"]
[BlackElo "2246"]
[PlyCount "103"]
[EventDate "2024.05.26"]
[EventType "swiss"]
[EventRounds "9"]
[EventCountry "GER"]
[SourceTitle "CBM 220 Extra"]
[Source "ChessBase"]
[SourceDate "2024.07.31"]
[SourceVersion "1"]
[SourceVersionDate "2024.07.31"]
[SourceQuality "1"]

1. d4 Nf6 2. c4 e6 3. Nc3 Bb4 4. e3 0-0 5. Bd3 Re8 6. Nge2 d5 7. cxd5 exd5 8. 0-0 c6 9. Qc2 Nbd7 10. Bd2 Nf8 11. f3 Ne6 12. Be1 h6 13. Kh1 c5 14. Bh4 g5 15. Bf2 cxd4 16. exd4 Bf8 17. Qb3 b6 18. a4 h5 19. Bb5 Re7 20. Bg3 Bb7 21. h4 Bh6 22. Be5 Ne8 23. Ng3 f6 24. Nf5 fxe5 25. Nxh6+ Kh7 26. Nf5 Nxd4 27. Nxd4 exd4 28. Ne2 gxh4 29. Qd3+ Kh8 30. Nf4 Rf7 31. Ng6+ Kg8 32. Bxe8 Qxe8 33. Rfe1 Qd8 34. Re6 Bc8 35. Qxd4 Kh7 36. Rc6 Bb7 37. Re6 Bc8 38. Rc6 Bb7 39. Ne5 Rg7 40. Qd3+ Kg8 41. Rg6 Qe7 42. Qd4 Re8 43. Rxg7+ Qxg7 44. Re1 Qg3 45. Re2 Re7 46. f4 h3 47. f5 Rg7 48. Ng6 Kh7 49. Nf8+ Kg8 50. Ng6 Kh7 51. Nf8+ Kg8 52. Ng6 1/2-1/2

[Event "Berlin-ch"]
[Site "Berlin"]
[Date "2024.04.07"]
[Round "9"]
[White "Polzin, Rainer"]
[Black "Baldauf, Marco"]
[Result "1/2-1/2"]
[WhiteElo "2401"]
[BlackElo "2481"]
[PlyCount "43"]
[EventDate "2024.03.30"]
[EventType "swiss"]
[EventRounds "9"]
[EventCountry "GER"]
[SourceTitle "CBM 219 Extra"]
[Source "ChessBase"]
[SourceDate "2024.05.31"]
[SourceVersion "1"]
[SourceVersionDate "2024.05.31"]
[SourceQuality "1"]

1. e4 c6 2. d4 d5 3. e5 Bf5 4. Nd2 e6 5. Nb3 a6 6. Nf3 c5 7. dxc5 Bxc5 8. Nxc5 Qa5+ 9. c3 Qxc5 10. Nd4 Ne7 11. Qa4+ Nbc6 12. Be3 Qa5 13. Qxa5 Nxa5 14. Nxf5 Nxf5 15. Bb6 Nc4 16. Bxc4 dxc4 17. 0-0-0 Ne7 18. Rd6 Nf5 19. Rd2 Ne7 20. Rd6 Nf5 21. Rd2 Ne7 22. Rd6 1/2-1/2

[Event "Berlin-ch"]
[Site "Berlin"]
[Date "2024.03.31"]
[Round "2"]
[White "Baldauf, Marco"]
[Black "Petersen, Marcel"]
[Result "1-0"]
[WhiteElo "2481"]
[BlackElo "2133"]
[PlyCount "161"]
[EventDate "2024.03.30"]
[EventType "swiss"]
[EventRounds "9"]
[EventCountry "GER"]
[SourceTitle "CBM 219 Extra"]
[Source "ChessBase"]
[SourceDate "2024.05.31"]
[SourceVersion "1"]
[SourceVersionDate "2024.05.31"]
[SourceQuality "1"]

1. Nf3 Nf6 2. c4 c5 3. g3 Nc6 4. Bg2 e6 5. 0-0 Be7 6. d4 cxd4 7. Nxd4 0-0 8. Nc3 d5 9. cxd5 exd5 10. Be3 Be6 11. Qa4 Qd7 12. Rfd1 Rfd8 13. Nb3 Rac8 14. Nc5 Bxc5 15. Bxc5 b6 16. Be3 Na5 17. Qh4 Rc4 18. Rd4 Ng4 19. Rxc4 Nxc4 20. Bd4 f6 21. h3 Nge5 22. b3 Ng6 23. Qh5 Nce5 24. e3 Nc6 25. Rd1 Nge7 26. g4 Bf7 27. Qh4 Nxd4 28. Rxd4 Qc7 29. Ne2 Qc2 30. Bf1 Qxa2 31. Ra4 Qxb3 32. Rxa7 Nc6 33. Rc7 Ne5 34. Nd4 Qd1 35. Kg2 Nd3 36. g5 Ne1+ 37. Kg3 fxg5 38. Qxg5 Rf8 39. Be2 Qa1 40. Kh2 h6 41. Qg1 b5 42. Nxb5 Bg6 43. Nd4 Rf7 44. Rxf7 Kxf7 45. Qg4 Qb1 46. Qe6+ Kf8 47. Qxd5 Qe4 48. Qd8+ Be8 49. Qd6+ Kg8 50. Bc4+ Bf7 51. Bxf7+ Kxf7 52. Qd7+ Kg8 53. Qe6+ Qxe6 54. Nxe6 Kf7 55. Nd4 Kf6 56. Kg3 Nd3 57. f3 Ne5 58. f4 Nc4 59. e4 g5 60. e5+ Kg7 61. h4 gxf4+ 62. Kxf4 Kg6 63. Nf5 Nb6 64. Ng3 h5 65. Ke4 Nc4 66. Kd5 Ne3+ 67. Kd6 Nc4+ 68. Ke6 Nb6 69. Ne2 Kg7 70. Nf4 Nc4 71. Nxh5+ Kf8 72. Nf6 Kg7 73. Nh5+ Kf8 74. Nf4 Kg7 75. Kd5 Ne3+ 76. Ke6 Nc4 77. h5 Kf8 78. Kf6 Nb6 79. e6 Nc8 80. Ng6+ Kg8 81. Ne7+ 1-0

[Event "Berlin-ch"]
[Site "Berlin"]
[Date "2024.03.30"]
[Round "1"]
[White "Nogly, Christoph"]
[Black "Baldauf, Marco"]
[Result "1/2-1/2"]
[WhiteElo "2228"]
[BlackElo "2481"]
[PlyCount "90"]
[EventDate "2024.03.30"]
[EventType "swiss"]
[EventRounds "9"]
[EventCountry "GER"]
[SourceTitle "CBM 219 Extra"]
[Source "ChessBase"]
[SourceDate "2024.05.31"]
[SourceVersion "1"]
[SourceVersionDate "2024.05.31"]
[SourceQuality "1"]

1. d4 d5 2. c4 e6 3. Nf3 Nf6 4. g3 dxc4 5. Bg2 a6 6. 0-0 Nc6 7. e3 Rb8 8. Qe2 b5 9. b3 cxb3 10. axb3 Bb7 11. Bd2 Bd6 12. Rc1 0-0 13. Ne1 Qe8 14. Nd3 e5 15. dxe5 Nxe5 16. Bxb7 Rxb7 17. Nxe5 Qxe5 18. Bc3 Qe6 19. Bxf6 Qxf6 20. Rxa6 Qf5 21. Qc2 Qg4 22. Qc6 Rbb8 23. Nc3 Qb4 24. Ne4 Rbd8 25. Nxd6 Rxd6 26. Qb7 Rxa6 27. Qxa6 Qxb3 28. Rxc7 g6 29. h4 Qd1+ 30. Kg2 Qd5+ 31. Kg1 Ra8 32. Rc8+ Rxc8 33. Qxc8+ Kg7 34. Qc3+ f6 35. Qc7+ Qf7 36. Qc5 Qb7 37. Qb4 Kf7 38. Qb3+ Ke7 39. Qg8 Kd6 40. Qd8+ Ke6 41. Qe8+ Kf5 42. e4+ Qxe4 43. Qxb5+ Kg4 44. Qf1 f5 45. Kh2 Kh5 1/2-1/2

[Event "AUT-chT 2324"]
[Site "Austria"]
[Date "2024.03.23"]
[Round "10.1"]
[White "Baldauf, Marco"]
[Black "Kadric, Denis"]
[Result "1/2-1/2"]
[WhiteElo "2483"]
[BlackElo "2584"]
[PlyCount "68"]
[EventDate "2023.11.22"]
[EventType "team-tourn"]
[EventRounds "11"]
[EventCountry "AUT"]
[SourceTitle "CBM 219 Extra"]
[Source "ChessBase"]
[SourceDate "2024.05.31"]
[SourceVersion "1"]
[SourceVersionDate "2024.05.31"]
[SourceQuality "1"]
[WhiteTeam "Schach ohne Grenzen"]
[BlackTeam "Pinggau Friedberg"]
[WhiteTeamCountry "AUT"]
[BlackTeamCountry "AUT"]

1. d4 d6 2. e4 Nf6 3. Nc3 Nbd7 4. Nf3 e5 5. Bc4 Be7 6. a4 0-0 7. 0-0 c6 8. h3 h6 9. Re1 Re8 10. Be3 exd4 11. Qxd4 Nf8 12. Rad1 Be6 13. Bf4 a6 14. b3 Qa5 15. b4 Qxb4 16. Bxe6 Qxd4 17. Bxf7+ Kxf7 18. Nxd4 Ne6 19. Nxe6 Kxe6 20. Ne2 Kf7 21. Nc3 Rad8 22. Rd3 Bf8 23. Kf1 b5 24. axb5 axb5 25. e5 dxe5 26. Rxd8 Rxd8 27. Bxe5 Nd7 28. Rd1 Ke6 29. Bh2 Be7 30. Ne2 Nc5 31. Nd4+ Kf7 32. Ke2 Re8 33. Kf3 Rd8 34. Ke2 Re8 1/2-1/2

[Event "AUT-chT 2324"]
[Site "Austria"]
[Date "2024.03.22"]
[Round "9.1"]
[White "Pechac, Jergus"]
[Black "Baldauf, Marco"]
[Result "1-0"]
[WhiteElo "2580"]
[BlackElo "2483"]
[PlyCount "59"]
[EventDate "2023.11.22"]
[EventType "team-tourn"]
[EventRounds "11"]
[EventCountry "AUT"]
[SourceTitle "CBM 219 Extra"]
[Source "ChessBase"]
[SourceDate "2024.05.31"]
[SourceVersion "1"]
[SourceVersionDate "2024.05.31"]
[SourceQuality "1"]
[WhiteTeam "Mistelbach"]
[BlackTeam "Schach ohne Grenzen"]
[WhiteTeamCountry "AUT"]
[BlackTeamCountry "AUT"]

1. e4 c6 2. d4 d5 3. e5 Bf5 4. Nf3 e6 5. Be2 c5 6. c3 Nc6 7. 0-0 Bg4 8. Nbd2 cxd4 9. cxd4 a5 10. h3 Bh5 11. Nb1 Bxf3 12. Bxf3 Nge7 13. Bg4 g6 14. Nc3 h5 15. Be2 Nf5 16. Nb5 Be7 17. Be3 Kf8 18. Bd3 Kg7 19. Bxf5 exf5 20. Qd2 a4 21. Rac1 Qa5 22. Nc3 Rhc8 23. a3 Nd8 24. g4 fxg4 25. hxg4 hxg4 26. f4 Ne6 27. f5 gxf5 28. Rxf5 Rh8 29. Rcf1 Raf8 30. Bg5 1-0

[Event "AUT-chT 2324"]
[Site "Austria"]
[Date "2023.11.25"]
[Round "5.1"]
[White "Baldauf, Marco"]
[Black "Ghosh, Diptayan"]
[Result "1/2-1/2"]
[WhiteElo "2483"]
[BlackElo "2570"]
[PlyCount "160"]
[EventDate "2023.11.22"]
[EventType "team-tourn"]
[EventRounds "11"]
[EventCountry "AUT"]
[SourceTitle "CBM 217 Extra"]
[Source "ChessBase"]
[SourceDate "2024.01.31"]
[SourceVersion "1"]
[SourceVersionDate "2024.01.31"]
[SourceQuality "1"]
[WhiteTeam "Schach ohne Grenzen"]
[BlackTeam "Raika Feffernitz"]
[WhiteTeamCountry "AUT"]
[BlackTeamCountry "AUT"]

1. Nf3 d5 2. d4 Nf6 3. c4 e6 4. Nc3 Nbd7 5. Bg5 Be7 6. e3 h6 7. Bh4 0-0 8. Qc2 c5 9. dxc5 Qa5 10. cxd5 Nxd5 11. Bxe7 Nxe7 12. Be2 Qxc5 13. 0-0 Nf6 14. Rac1 Bd7 15. Qb3 Qa5 16. Rfd1 Rab8 17. Bb5 Rfd8 18. Bxd7 Nxd7 19. Qb5 Qxb5 20. Nxb5 Nc6 21. Kf1 Nf6 22. Rxd8+ Rxd8 23. Nfd4 Nxd4 24. Nxd4 Nd5 25. Ke2 Kf8 26. g4 Ke7 27. h4 g5 28. h5 Kf6 29. Nb3 Ke7 30. f3 Rd7 31. Rc8 Rd8 32. Rc4 Kf6 33. Nc5 b6 34. Nd3 Rd7 35. a4 Rc7 36. Rxc7 Nxc7 37. f4 Kg7 38. fxg5 hxg5 39. e4 f5 40. Ne5 Ne8 41. Kf3 Nd6 42. exf5 exf5 43. Nc6 a5 44. Ne7 f4 45. b3 b5 46. axb5 Nxb5 47. Nc6 Kf6 48. Nxa5 Ke6 49. Kf2 Nd6 50. Nc4 Nf7 51. b4 Kd5 52. b5 Kc5 53. b6 Kc6 54. Ke2 Kb7 55. Kf3 Kc6 56. Ke4 Nh6 57. Kf3 Nf7 58. Ke4 Nh6 59. Ne5+ Kxb6 60. Nf3 Kc6 61. Nxg5 Nxg4 62. Kxf4 Nh6 63. Nf3 Kd7 64. Kg5 Ng8 65. Kg6 Ne7+ 66. Kf7 Nf5 67. Ne5+ Kd6 68. Ng4 Kd7 69. Nf6+ Kd6 70. Ng8 Ke5 71. Nf6 Nh6+ 72. Kg6 Ke6 73. Ne4 Nf7 74. Ng3 Ne5+ 75. Kg7 Ng4 76. Kg6 Ne5+ 77. Kh6 Kf7 78. Nf5 Kf6 79. Nd6 Ng4+ 80. Kh7 Kg5 1/2-1/2

[Event "AUT-chT 2324"]
[Site "Austria"]
[Date "2023.11.23"]
[Round "2.1"]
[White "Sadhwani, Raunak"]
[Black "Baldauf, Marco"]
[Result "1-0"]
[WhiteElo "2650"]
[BlackElo "2483"]
[PlyCount "77"]
[EventDate "2023.11.22"]
[EventType "team-tourn"]
[EventRounds "11"]
[EventCountry "AUT"]
[SourceTitle "CBM 217 Extra"]
[Source "ChessBase"]
[SourceDate "2024.01.31"]
[SourceVersion "1"]
[SourceVersionDate "2024.01.31"]
[SourceQuality "1"]
[WhiteTeam "Fuerstenfeld/Hartberg"]
[BlackTeam "Schach ohne Grenzen"]
[WhiteTeamCountry "AUT"]
[BlackTeamCountry "AUT"]

1. e4 c6 2. d4 d5 3. e5 Bf5 4. h4 h5 5. Bd3 Bxd3 6. Qxd3 Qa5+ 7. Nd2 e6 8. Ngf3 Nh6 9. 0-0 Nf5 10. Nb3 Qa6 11. Qc3 Nd7 12. Bg5 Rc8 13. Qd2 c5 14. c3 Nb8 15. Nxc5 Bxc5 16. dxc5 Rxc5 17. Nd4 Nxd4 18. cxd4 Rc7 19. Rfc1 Rxc1+ 20. Rxc1 Nc6 21. Qc3 0-0 22. Qd2 Qa4 23. Rd1 Rc8 24. b3 Qb4 25. Qc2 a6 26. Kh2 Qb5 27. Rd2 Qf1 28. Qc5 Qb5 29. Qc1 Qb4 30. Qd1 a5 31. Rd3 g6 32. Bf6 a4 33. bxa4 Ra8 34. Qc1 Kh7 35. Rb3 Qxd4 36. Rxb7 Ra7 37. Rxa7 Nxa7 38. Qc7 Qf4+ 39. Kg1 1-0

[Event "Bundesliga 2223"]
[Site "Germany"]
[Date "2023.04.02"]
[Round "13.1"]
[White "Baldauf, Marco"]
[Black "Doric, Darko"]
[Result "1/2-1/2"]
[WhiteElo "2506"]
[BlackElo "2457"]
[PlyCount "40"]
[EventDate "2022.10.21"]
[EventType "team-tourn"]
[EventRounds "15"]
[EventCountry "GER"]
[SourceTitle "CBM 213 Extra"]
[Source "ChessBase"]
[SourceDate "2023.05.31"]
[SourceVersion "1"]
[SourceVersionDate "2023.05.31"]
[SourceQuality "1"]
[WhiteTeam "Berlin SF"]
[BlackTeam "Schoenaich"]
[WhiteTeamCountry "GER"]
[BlackTeamCountry "GER"]

1. c4 e6 2. Nc3 d5 3. cxd5 exd5 4. d4 c6 5. Bf4 Bd6 6. Bxd6 Qxd6 7. e3 Bf5 8. Qb3 Nd7 9. Qxb7 Rb8 10. Qxa7 Rxb2 11. Qa8+ Rb8 12. Qa4 Ngf6 13. Nf3 Rb4 14. Qa8+ Rb8 15. Qa4 Rb4 16. Qa8+ Rb8 17. Qa4 Rb4 18. Qa8+ Rb8 19. Qa4 Rb4 20. Qa8+ Rb8 1/2-1/2

[Event "Bundesliga 2223"]
[Site "Germany"]
[Date "2022.11.27"]
[Round "4.4"]
[White "Dziuba, Marcin"]
[Black "Baldauf, Marco"]
[Result "0-1"]
[WhiteElo "2569"]
[BlackElo "2506"]
[PlyCount "90"]
[EventDate "2022.10.21"]
[EventType "team-tourn"]
[EventRounds "15"]
[EventCountry "GER"]
[SourceTitle "CBM 211"]
[Source "ChessBase"]
[SourceDate "2022.12.31"]
[SourceVersion "1"]
[SourceVersionDate "2022.12.31"]
[SourceQuality "1"]
[WhiteTeam "Kiel Turm"]
[BlackTeam "Berlin SF"]
[WhiteTeamCountry "GER"]
[BlackTeamCountry "GER"]

1. d4 d5 2. c4 e6 3. Nf3 Nf6 4. Nc3 Be7 5. g3 0-0 6. Bg2 dxc4 7. 0-0 Nc6 8. Bg5 a6 9. e3 Bd7 10. Qe2 b5 11. Rfc1 Rb8 12. b3 Na5 13. Nd2 b4 14. Bxf6 gxf6 15. Qg4+ Kh8 16. Ne2 c3 17. Nf3 c5 18. dxc5 Bxc5 19. Rd1 Qe7 20. Nf4 f5 21. Qh5 Be8 22. Nd4 Rd8 23. Qh6 Rg8 24. Bf1 Rd6 25. Qh5 Qf6 26. Nc2 Rxd1 27. Rxd1 Nc6 28. Bxa6 Ne5 29. Nd3 Nxd3 30. Bxd3 Bc6 31. Qe2 Qe5 32. Bb5 Bd5 33. Bc4 Ba8 34. Kf1 Qe4 35. Ke1 Qh1+ 36. Qf1 Qxh2 37. Ke2 Rxg3 38. Rd8+ Rg8 39. Rxg8+ Kxg8 40. a4 Bg2 41. Qa1 Qh5+ 42. Ke1 Qh1+ 43. Ke2 Bf3+ 44. Kd3 Be4+ 45. Ke2 Qf3+ 0-1

[Event "Bundesliga 2223"]
[Site "Germany"]
[Date "2022.11.26"]
[Round "3.4"]
[White "Baldauf, Marco"]
[Black "Svane, Frederik"]
[Result "1/2-1/2"]
[WhiteElo "2506"]
[BlackElo "2566"]
[PlyCount "64"]
[EventDate "2022.10.21"]
[EventType "team-tourn"]
[EventRounds "15"]
[EventCountry "GER"]
[SourceTitle "CBM 211"]
[Source "ChessBase"]
[SourceDate "2022.12.31"]
[SourceVersion "1"]
[SourceVersionDate "2022.12.31"]
[SourceQuality "1"]
[WhiteTeam "Berlin SF"]
[BlackTeam "Hamburger SK"]
[WhiteTeamCountry "GER"]
[BlackTeamCountry "GER"]

1. d4 Nf6 2. c4 e6 3. Nc3 Bb4 4. Qc2 0-0 5. a3 Bxc3+ 6. Qxc3 b6 7. Bg5 Bb7 8. Nh3 d6 9. f3 h6 10. Bh4 Nbd7 11. e4 c5 12. dxc5 bxc5 13. Bd3 Qb6 14. 0-0 Rab8 15. Rab1 a5 16. Rfd1 Rfc8 17. Nf2 a4 18. Rd2 d5 19. exd5 exd5 20. Bf5 d4 21. Qc2 Re8 22. Nd3 Qc6 23. Re1 Rxe1+ 24. Bxe1 Re8 25. Re2 Rxe2 26. Qxe2 Ba6 27. Bxd7 Nxd7 28. Qe8+ Kh7 29. Qxf7 Qg6 30. Qxg6+ Kxg6 31. Bg3 Bxc4 32. Ne5+ Nxe5 1/2-1/2

[Event "Bundesliga 2223"]
[Site "Germany"]
[Date "2022.10.23"]
[Round "2.3"]
[White "Heimann, Andreas"]
[Black "Baldauf, Marco"]
[Result "1/2-1/2"]
[WhiteElo "2573"]
[BlackElo "2506"]
[PlyCount "65"]
[EventDate "2022.10.21"]
[EventType "team-tourn"]
[EventRounds "15"]
[EventCountry "GER"]
[SourceTitle "CBM 211"]
[Source "ChessBase"]
[SourceDate "2022.12.31"]
[SourceVersion "1"]
[SourceVersionDate "2022.12.31"]
[SourceQuality "1"]
[WhiteTeam "Deizisau"]
[BlackTeam "Berlin SF"]
[WhiteTeamCountry "GER"]
[BlackTeamCountry "GER"]

1. e4 c6 2. Nc3 d5 3. Nf3 dxe4 4. Nxe4 Nf6 5. Qe2 Nxe4 6. Qxe4 Qd5 7. Qh4 Qe6+ 8. Be2 Qg4 9. Qg3 Qxg3 10. hxg3 g6 11. d4 h5 12. Ne5 Bg7 13. Bc4 Rf8 14. Bf4 Nd7 15. Nxd7 Bxd7 16. 0-0-0 0-0-0 17. Rhe1 Bf6 18. Be5 Bxe5 19. Rxe5 Rde8 20. Rde1 Kd8 21. b4 f6 22. R5e2 Bf5 23. d5 Kd7 24. dxc6+ bxc6 25. Rd2+ Kc7 26. Be6 Bxe6 27. Rxe6 Rf7 28. Rd4 Rb8 29. a4 a5 30. c3 Rb6 31. Kc2 axb4 32. cxb4 c5 33. Rd7+ 1/2-1/2

[Event "EU-Cup 37th"]
[Site "Mayrhofen"]
[Date "2022.10.04"]
[Round "2.1"]
[White "Esipenko, Andrey"]
[Black "Baldauf, Marco"]
[Result "1-0"]
[WhiteElo "2668"]
[BlackElo "2506"]
[PlyCount "63"]
[EventDate "2022.10.03"]
[EventType "team-swiss"]
[EventRounds "7"]
[EventCountry "AUT"]
[SourceTitle "CBM 210 Extra"]
[Source "ChessBase"]
[SourceDate "2022.11.30"]
[SourceVersion "1"]
[SourceVersionDate "2022.11.30"]
[SourceQuality "1"]
[WhiteTeam "Asnieres"]
[BlackTeam "Schach ohne Grenzen"]
[WhiteTeamCountry "FRA"]
[BlackTeamCountry "GER"]

1. e4 c5 2. Nf3 e6 3. d4 cxd4 4. Nxd4 a6 5. a3 Qc7 6. c4 Nf6 7. Nc3 b6 8. f4 d6 9. Bd3 g6 10. Be3 Bg7 11. 0-0 0-0 12. Rc1 Bb7 13. b4 Nbd7 14. Nb3 Rac8 15. Qe2 Qb8 16. a4 Ba8 17. Kh1 Rfe8 18. Bd2 h5 19. h3 Rc7 20. e5 dxe5 21. fxe5 Nh7 22. Rxf7 Kxf7 23. Bxg6+ Kxg6 24. Qd3+ Kf7 25. Qxh7 Nxe5 26. Rf1+ Bf3 27. Bh6 Rg8 28. Nd4 Qf8 29. Nxf3 Ke8 30. Bg5 Nxf3 31. Rxf3 Rf7 32. Qe4 1-0

[Event "Titled Tuesday intern op 30th Aug Early"]
[Site "Chess.com INT"]
[Date "2022.08.30"]
[Round "8"]
[White "Baldauf, Marco"]
[Black "Papp, Levente"]
[Result "1-0"]
[WhiteElo "2506"]
[BlackElo "2394"]
[PlyCount "65"]
[EventDate "2022.08.30"]
[EventType "swiss (blitz)"]
[EventRounds "11"]
[EventCountry "USA"]
[SourceTitle "EXT 2023"]
[Source "ChessBase"]
[SourceDate "2022.10.05"]
[SourceVersion "1"]
[SourceVersionDate "2022.10.05"]
[SourceQuality "1"]

1. d4 e6 2. c4 Nf6 3. Nc3 Bb4 4. e3 0-0 5. Bd3 c5 6. Nf3 d5 7. 0-0 Nc6 8. a3 Bxc3 9. bxc3 b6 10. cxd5 exd5 11. Ne5 Nxe5 12. dxe5 Ne4 13. c4 Bb7 14. Qc2 Qe7 15. cxd5 Qxe5 16. Bxe4 Qxa1 17. Bb2 Qxf1+ 18. Kxf1 f5 19. Bxf5 Bxd5 20. Bxh7+ Kh8 21. Be4 Rad8 22. Bxd5 Rxd5 23. Qg6 Rd7 24. h4 Rfd8 25. Bc3 b5 26. h5 b4 27. axb4 cxb4 28. Bxb4 Rd1+ 29. Ke2 Ra1 30. h6 Ra2+ 31. Kf3 Rg8 32. Bc3 Rf8+ 33. Kg3 1-0

[Event "Titled Tuesday intern op 30th Aug Early"]
[Site "Chess.com INT"]
[Date "2022.08.30"]
[Round "10"]
[White "Magallanes, Rey Jomar"]
[Black "Baldauf, Marco"]
[Result "0-1"]
[WhiteElo "2032"]
[BlackElo "2506"]
[PlyCount "76"]
[EventDate "2022.08.30"]
[EventType "swiss (blitz)"]
[EventRounds "11"]
[EventCountry "USA"]
[SourceTitle "EXT 2023"]
[Source "ChessBase"]
[SourceDate "2022.10.05"]
[SourceVersion "1"]
[SourceVersionDate "2022.10.05"]
[SourceQuality "1"]

1. e4 e5 2. Nf3 Nc6 3. Bc4 Bc5 4. d3 Nf6 5. c3 0-0 6. a4 a5 7. 0-0 h6 8. Nbd2 Re8 9. Re1 d6 10. Nf1 Be6 11. Bxe6 Rxe6 12. Be3 Ne7 13. Bxc5 dxc5 14. Ng3 Ng6 15. d4 cxd4 16. cxd4 exd4 17. Nxd4 Rd6 18. Ngf5 Rd7 19. e5 Nd5 20. Qb3 Nb4 21. e6 fxe6 22. Nxe6 Rd3 23. Qc4 Qd5 24. Qxc7 Qd7 25. Qb6 Ra6 26. Qb5 Qxb5 27. axb5 Rb6 28. Rxa5 Nc2 29. Ra8+ Kh7 30. Nc5 Nxe1 31. Nxd3 Nxd3 32. Rd8 Rxb5 33. Nd4 Rxb2 34. h3 Nde5 35. Kh2 Rd2 36. Rd5 Nc6 37. Nxc6 Rxd5 38. Nb4 Rd2 0-1

[Event "AUT-chT2W 2122"]
[Site "Austria"]
[Date "2022.03.11"]
[Round "9.2"]
[White "Baldauf, Marco"]
[Black "Hoefelsauer, Thomas"]
[Result "1-0"]
[WhiteElo "2511"]
[BlackElo "2336"]
[PlyCount "75"]
[EventDate "2021.10.15"]
[EventType "team-tourn"]
[EventRounds "11"]
[EventCountry "AUT"]
[SourceTitle "EXT 2023"]
[Source "ChessBase"]
[SourceDate "2022.10.05"]
[SourceVersion "1"]
[SourceVersionDate "2022.10.05"]
[SourceQuality "1"]
[WhiteTeam "Schach ohne Grenzen"]
[BlackTeam "Wolfurt"]
[WhiteTeamCountry "AUT"]
[BlackTeamCountry "AUT"]

1. e4 c6 2. d4 d5 3. Nc3 dxe4 4. Nxe4 Bf5 5. Ng3 Bg6 6. h4 h6 7. Nf3 Nd7 8. Bd3 Bxd3 9. Qxd3 e6 10. Bf4 Ngf6 11. 0-0-0 Nd5 12. Bd2 Nb4 13. Qe2 Nxa2+ 14. Kb1 Nb4 15. Ne5 Nxe5 16. dxe5 Qb6 17. Bxb4 Bxb4 18. Rd3 Be7 19. Qg4 g6 20. h5 g5 21. Ne4 Rd8 22. Rxd8+ Qxd8 23. Rd1 Qb6 24. Qf3 Qa5 25. Nd6+ Bxd6 26. exd6 0-0 27. Qf6 Rd8 28. Qe7 b5 29. f4 gxf4 30. g3 Rf8 31. gxf4 Qd8 32. f5 exf5 33. Rg1+ Kh7 34. Qe5 Rg8 35. Qxf5+ Kh8 36. Qe5+ f6 37. Rxg8+ Kxg8 38. Qe6+ 1-0

[Event "Bundesliga 2122"]
[Site "Germany"]
[Date "2022.03.05"]
[Round "1.5"]
[White "Baldauf, Marco"]
[Black "Dragnev, Valentin"]
[Result "0-1"]
[WhiteElo "2522"]
[BlackElo "2546"]
[PlyCount "84"]
[EventDate "2022.03.05"]
[EventType "team-tourn"]
[EventRounds "15"]
[EventCountry "GER"]
[SourceTitle "EXT 2023"]
[Source "ChessBase"]
[SourceDate "2022.10.05"]
[SourceVersion "1"]
[SourceVersionDate "2022.10.05"]
[SourceQuality "1"]
[WhiteTeam "Berlin SF"]
[BlackTeam "Bayern Muenchen"]
[WhiteTeamCountry "GER"]
[BlackTeamCountry "GER"]

1. Nf3 Nf6 2. c4 e6 3. Nc3 d5 4. d4 Be7 5. g3 0-0 6. Bg2 Nbd7 7. Qd3 b6 8. cxd5 Nxd5 9. Nxd5 exd5 10. 0-0 Bb7 11. Rd1 Re8 12. Bf4 Nf8 13. Rac1 Ne6 14. Qc2 Nxf4 15. gxf4 Bd6 16. e3 f6 17. Nh4 g6 18. Kh1 Re7 19. Qb3 c6 20. Nf3 Kh8 21. Rg1 Qd7 22. Bf1 Rf8 23. h4 Qf5 24. Rg3 c5 25. Qa4 Ba8 26. Kg1 Rc7 27. b3 c4 28. Bh3 Qe4 29. Kh2 Bc6 30. Qa6 Qe8 31. bxc4 dxc4 32. a4 Bxa4 33. d5 c3 34. Nd4 c2 35. Qd3 b5 36. Rgg1 b4 37. Nxc2 Rc3 38. Qd2 Qe4 39. Nd4 Rd3 40. Qa2 Bxf4+ 41. exf4 Qxf4+ 42. Kg2 Rd2 0-1